000 01982nam0a2200337 i 4500
001 RU\NLR\bibl\1914207
005 20241104065817.0
010 _a9785456000477
_9100
021 _aRU
_b2012-38187
_92832
035 _a(NLR Aleph) 001903722
090 _a3082417
_c3082417
100 _a20120614d2012 u y0rusy50 ca
101 0 _arus
102 _aRU
105 _aa |||||||||
200 1 _aРеализация педагогической поддержки студентов в процессе проектирования, создания и использования педагогических средств дистанционного образования
_eучебное пособие по направлению подготовки 03500.62 Издательское дело
_fА.С. Яцын
_gФедер. гос. бюджет. образоват. учреждение высш. проф. образования "Вят. гос. гуманит. ун-т"
210 _aКиров
_cИзд-во Вятского государственного гуманитарного университета
_d2012
215 _a91 с.
_cил., цв. ил.
_d21
320 _aБиблиогр.: с. 89-90 (17 назв.)
606 _aСтуденты
_jУчебные издания
_xДистанционное обучение
_92444248
_3RU\NLR\auth\661453834
606 1 _aСтуденты
_jУчебные издания
_xПедагогическая поддержка
_92593727
_3RU\NLR\auth\661532632
606 1 _aУчебные издания электронные
_jУчебные издания
_xСоставление
_xВысшая школа
_92107683
_3RU\NLR\auth\661577650
686 _aЧ481.3я7
686 _aЧ481.231.1я7
686 _aЧ481.215.9я7
700 1 _aЯцын
_bА. С.
_gАлександр Сергеевич
_4070
801 0 _aRU
_bNLR
_c20120614
_gRCR
801 1 _aRU
_bNLR
_c20120614
942 _cBOOK
980 _aNBR